000 00660nam a2200265Ia 4500
003 OSt
005 20221006155734.0
006 a|||||r|||| 00| 0
007 ta
008 221006b |||||||| |||| 00| 0 kor d
020 _a9788957090510
_cW9000
024 _a43,344
037 _cTextual
040 _aEASL
_cEASL
_bkor
041 _2kor
_akor
082 _aO495,3N78, P6
100 _aLee Jiseon
_9670209
245 0 _aOnuldo Heangbok Hapnida
260 _aPaju
_bYiree Korea
_c2006
300 _a246p.
_ccm.
490 _v KL
650 _aKL
942 _hO495,3N78, P6
_cTEXL
_2CC
999 _c1111430
_d1111430